| 000 | 005060000a22001930004500 | ||
|---|---|---|---|
| 001 | 002857 | ||
| 003 | MACL | ||
| 005 | 20150711132032.0 | ||
| 008 | 150711b xxu||||| |||| 00| 0 eng d | ||
| 040 |
_aMACL _cMACL |
||
| 041 | _aEnglish | ||
| 082 | _a320/MIS | ||
| 100 |
_aMishra, Narayan _91270 |
||
| 245 |
_aExploitation And Atrocities On The Dalits in India _cNarayan Mishra |
||
| 260 |
_aDelhi _c2004 _bKalpaz Publications, |
||
| 350 | _a790 | ||
| 650 |
_aPolitical Science _988 |
||
| 942 |
_k320 _cBK _2ddc |
||
| 999 |
_c14765 _d14765 |
||